Rozpoznaj Piłkarza Po Jego Karierze - Statystyki

Ogólne statystyki
  • Ten quiz został rozwiązany 240 razy
  • Średni wynik to 7 z 10
Statystyki odpowiedzi
Kariera Zawodnik % Poprawnych
KRC Genk>Chelsea>KRC Genk>Werder Brema>VFL Wolfsburg>Manchester City De Bruyne
86%
Udinese>Empoli>Napoli Zieliński
80%
Pão de Açúcar >FC Vilnius>ŁKS Łódź>Pão de Açúcar>Bragantin>Corinthians>Tottenham Hotspur>Guangzhou Evergrande>FC Barcelona> Guangzhou Evergrande Paulinho
79%
AC Milan>Dijon>Lille>AS Monaco>Saint Etienne>Borussia Dortmund>Arsenal Londyn Aubameyang
72%
Ajax>Tottenham>Inter Eriksen
71%
FC Nantes>AS Saint-Étienne>Lille OSC>Olympique Marsylia>West Ham United>Olympique Marsylia Payet
71%
FC Basel>Schalke>Sevilla>FC Barcelona Rakitić
71%
Valencia>Malaga>Real Madryt Isco
68%
Sheffield United>Hull City>Wigan Athletic>Leicester City>Manchester United Maguire
67%
Cobreloa>Udinese>Colo-Colo>River Plate>FC Barcelona>Arsenal>Manchester United>Inter Mediolan Sanchez
66%
Nie znaleziono quizów pasujących do podanych kryteriów
Rozkład punktacji
Procent ludzi z każdym wynikiem
Percentyl według liczby udzielonych odpowiedzi
Twoja historia wyników
Nie rozwiązałeś tego quizu